Country commerce : Nigeria 2004.
| Format: | Book |
|---|---|
| Published: |
London:
Economist Intelligence Unit,
2004.
|
| Subjects: |
| LEADER | 00426cam a2200145 7i4500 | ||
|---|---|---|---|
| 001 | 0000014213 | ||
| 005 | 20040719090000.0 | ||
| 090 | 0 | 0 | |a NIGE 380.1 |b COU |
| 245 | 0 | 0 | |a Country commerce : |b Nigeria 2004. |
| 260 | 0 | 0 | |a London: |b Economist Intelligence Unit, |c 2004. |
| 300 | # | # | |a 49 p. |
| 650 | 0 | 0 | |a Investments -- |z Nigeria |
| 650 | 0 | 0 | |a Business -- |z Nigeria |
| 651 | 0 | 0 | |a Nigeria |
| 999 | |a B000016026 |b Book |c Countries |e Business Information Centre | ||